MARC details
| 000 -LEADER |
| fixed length control field |
03961cam a22005895i 4500 |
| 001 - CONTROL NUMBER |
| control field |
data |
| 005 - DATE AND TIME OF LATEST TRANSACTION |
| control field |
20260322212118.0 |
| 006 - FIXED-LENGTH DATA ELEMENTS--ADDITIONAL MATERIAL CHARACTERISTICS |
| fixed length control field |
data |
| 007 - PHYSICAL DESCRIPTION FIXED FIELD--GENERAL INFORMATION |
| fixed length control field |
data |
| 008 - FIXED-LENGTH DATA ELEMENTS--GENERAL INFORMATION |
| fixed length control field |
data |
| 035 ## - SYSTEM CONTROL NUMBER |
| System control number |
21739410 |
| 010 ## - LIBRARY OF CONGRESS CONTROL NUMBER |
| LC control number |
2019757036 |
| 020 ## - INTERNATIONAL STANDARD BOOK NUMBER |
| International Standard Book Number |
9783319308562 |
| 024 7# - OTHER STANDARD IDENTIFIER |
| Standard number or code |
10.1007/978-3-319-30856-2 |
| Source of number or code |
doi |
| 035 ## - SYSTEM CONTROL NUMBER |
| System control number |
(DE-He213)978-3-319-30856-2 |
| 040 ## - CATALOGING SOURCE |
| Original cataloging agency |
DLC |
| Language of cataloging |
eng |
| Description conventions |
rda |
| -- |
rda |
| Transcribing agency |
DLC |
| 072 #7 - SUBJECT CATEGORY CODE |
| Subject category code |
PDX |
| Source |
thema |
| 072 #7 - SUBJECT CATEGORY CODE |
| Subject category code |
PN |
| Source |
bicssc |
| 072 #7 - SUBJECT CATEGORY CODE |
| Subject category code |
PN |
| Source |
thema |
| 072 #7 - SUBJECT CATEGORY CODE |
| Subject category code |
SCI013000 |
| Source |
bisacsh |
| 082 04 - DEWEY DECIMAL CLASSIFICATION NUMBER |
| Classification number |
540.9 |
| Edition information |
23 |
| 097 00 - |
| -- |
QD11-18 |
| 100 1# - MAIN ENTRY--PERSONAL NAME |
| Personal name |
Fontani, Marco, |
| Relator term |
author. |
| 245 10 - TITLE STATEMENT |
| Title |
Chemistry and Chemists in Florence : |
| Remainder of title |
From the Last of the Medici Family to the European Magnetic Resonance Center / |
| Statement of responsibility, etc. |
by Marco Fontani, Mary Virginia Orna, Mariagrazia Costa. |
| 250 ## - EDITION STATEMENT |
| Edition statement |
1st ed. 2016. |
| 264 #1 - PRODUCTION, PUBLICATION, DISTRIBUTION, MANUFACTURE, AND COPYRIGHT NOTICE |
| Place of production, publication, distribution, manufacture |
Cham : |
| Name of producer, publisher, distributor, manufacturer |
Imprint: Springer, |
| -- |
Imprint: Springer, |
| Date of production, publication, distribution, manufacture, or copyright notice |
2016. |
| 300 ## - PHYSICAL DESCRIPTION |
| Extent |
1 online resource (XI, 123 pages 30 illustrations, 11 illustrations in color.) |
| 336 ## - CONTENT TYPE |
| Content type term |
text |
| Content type code |
txt |
| Source |
rdacontent |
| 337 ## - MEDIA TYPE |
| Media type term |
computer |
| Media type code |
c |
| Source |
rdamedia |
| 338 ## - CARRIER TYPE |
| Carrier type term |
online resource |
| Carrier type code |
cr |
| Source |
rdacarrier |
| 347 ## - DIGITAL FILE CHARACTERISTICS |
| File type |
text file |
| Encoding format |
PDF |
| Source |
rda |
| 490 1# - SERIES STATEMENT |
| Series statement |
SpringerBriefs in History of Chemistry, |
| International Standard Serial Number |
2212-991X |
| 505 0# - FORMATTED CONTENTS NOTE |
| Formatted contents note |
Historical Background -- Scientists and Naturalists from the Time of the Last of the Medici Family (1694) to the Period of the Museum of Physics and Natural History (1775-1807) -- Chemists in the Period of the Lyceum of Physical and Natural Studies (1807-1859) -- Chemists in the Period of the Institute of Higher Practical Studies and Specialization (1859-1924) -- Chemists in the Period of the Royal University of Florence (1924-1946) -- Chemists in the Period of the University of Florence (1946-2000) -- Conclusion. |
| 520 ## - SUMMARY, ETC. |
| Summary, etc. |
This brief offers a novel vision of the city of Florence, tracing the development of chemistry via the biographies of its most illustrious chemists. It documents not only important scientific research that came from the hands of Galileo Galilei and the physicists who followed in his footsteps, but also the growth of new disciplines such as chemistry, pharmaceutical chemistry, and biochemistry. It recounts how, in the Middle Ages, chemistry began as an applied science that served to bolster the Florentine economy, particularly in the textile dyeing industry. Later, important scientific collections founded by the ruling Medici family served as the basis of renowned museums that now house priceless artifacts and instruments. Also described in this text are the chemists such as Hugo Schiff, Angelo Angeli, and Luigi Rolla, who were active over the course of the following century and a quarter. The authors tell the story of the evolution of the Royal University of Florence, which ultimately became the University of Florence. Of interest to historians and chemists, this tale is told through the lives and work of the principal actors in the university's department of chemistry. |
| 588 ## - SOURCE OF DESCRIPTION NOTE |
| Source of description note |
Description based on publisher-supplied MARC data. |
| 650 #0 - SUBJECT ADDED ENTRY--TOPICAL TERM |
| Topical term or geographic name entry element |
Chemistry |
| General subdivision |
History. |
| 650 #0 - SUBJECT ADDED ENTRY--TOPICAL TERM |
| Topical term or geographic name entry element |
History. |
| 650 14 - SUBJECT ADDED ENTRY--TOPICAL TERM |
| Topical term or geographic name entry element |
History of Chemistry. |
| Authority record control number or standard number |
https://scigraph.springernature.com/ontologies/product-market-codes/C34000 |
| 650 24 - SUBJECT ADDED ENTRY--TOPICAL TERM |
| Topical term or geographic name entry element |
History of Italy. |
| Authority record control number or standard number |
https://scigraph.springernature.com/ontologies/product-market-codes/717050 |
| 650 24 - SUBJECT ADDED ENTRY--TOPICAL TERM |
| Topical term or geographic name entry element |
History of Science. |
| Authority record control number or standard number |
https://scigraph.springernature.com/ontologies/product-market-codes/731000 |
| 651 #0 - SUBJECT ADDED ENTRY--GEOGRAPHIC NAME |
| Geographic name |
Italy |
| General subdivision |
History. |
| 700 1# - ADDED ENTRY--PERSONAL NAME |
| Personal name |
Costa, Mariagrazia, |
| Relator term |
author. |
| 700 1# - ADDED ENTRY--PERSONAL NAME |
| Personal name |
Orna, Mary Virginia, |
| Relator term |
author. |
| 776 08 - ADDITIONAL PHYSICAL FORM ENTRY |
| Relationship information |
Print version: |
| Title |
Chemistry and chemists in Florence. |
| International Standard Book Number |
9783319308548 |
| Record control number |
(DLC) 2016935388 |
| 776 08 - ADDITIONAL PHYSICAL FORM ENTRY |
| Relationship information |
Printed edition: |
| International Standard Book Number |
9783319308548 |
| 776 08 - ADDITIONAL PHYSICAL FORM ENTRY |
| Relationship information |
Printed edition: |
| International Standard Book Number |
9783319308555 |
| 830 #0 - SERIES ADDED ENTRY--UNIFORM TITLE |
| Uniform title |
SpringerBriefs in History of Chemistry, |
| International Standard Serial Number |
2212-991X |
| 906 ## - LOCAL DATA ELEMENT F, LDF (RLIN) |
| a |
0 |
| b |
ibc |
| c |
origres |
| d |
u |
| e |
ncip |
| f |
20 |
| g |
y-gencatlg |
| 925 0# - |
| -- |
acquire |
| -- |
pcnspringer |
| -- |
policy default |
| 985 ## - |
| -- |
springerpcn |
| 991 ## - |
| -- |
s-Online |
| -- |
Electronic Resource |